Essential geometry

Αποθηκεύτηκε σε:
Λεπτομέρειες βιβλιογραφικής εγγραφής
Κύριος συγγραφέας: Baldwin, Harry L.
Μορφή: Βιβλίο
Γλώσσα:English
Δημοσίευση: New York : McGraw-Hill, c1993
Θέματα:
Ετικέτες: Προσθήκη ετικέτας
Δεν υπάρχουν, Καταχωρήστε ετικέτα πρώτοι!

MARC

LEADER 00000nam a2200000 i 4500
001 1/105680
008 000328s1993 eng d
020 |a 0-07-004537-2 
035 |l 10059345 
040 |a GR-MY-UA  |b gre  |e aacr 
041 0 |a eng 
082 0 |a 516 
100 1 |a Baldwin, Harry L. 
245 1 0 |a Essential geometry /  |c Harry L. Baldwin 
260 |a New York :   |b McGraw-Hill,   |c c1993 
300 |a 135 p.;  |b ill.;  |c 28 cm. 
504 |a Includes index 
650 0 0 |a Geometry. 
852 |a INST  |b SAMOS  |e 20000328  |h 516 BAL  |p 005300017792  |q 005300017792  |t BK  |y 0 
901 |a BIBL3-2000-1 
909 |a Σ  |b 076901 
922 |a 3ΕΛΗ  |b 200003  |c ΚΠΣ  |d ΠΑΠΑΣΩΤΗΡΙΟΥ 
950 |a 116-2000-01-10 
970 |a ΚΟΣΙΕΡΗΣ  |b ΧΡΗΣΤΟΣ  |z 2000/04/18